En torno al hombre /
Guardado en:
| Autor Corporativo: | |
|---|---|
| Formato: | |
| Series: | Orígenes de la vida
|
| Materias: | |
| Etiquetas: |
Agregar Etiqueta
Sin Etiquetas, Sea el primero en etiquetar este registro!
|
| LEADER | 01153ngm a22003375g 4500 | ||
|---|---|---|---|
| 001 | CEM.cems022007 | ||
| 008 | 130507b1993##################0###0#####d | ||
| 005 | 20240930141414.0 | ||
| 245 | 1 | 0 | |a En torno al hombre / |c TRANSTEL. |
| 300 | |a 27'. | ||
| 490 | 0 | |a Orígenes de la vida | |
| 500 | |a En soporte VHS, consultar en ventanilla. | ||
| 505 | 0 | |a Seres unicelulares. Animados e inanimados. Metabolismo y reproducción. Corteza terrestre. Mitosis. Código genético. Aminoácidos. ADN. ARN. Mutaciones ventajosas. De los primates al hombre. Homínidos. Homo habilis. H.erectus. | |
| 538 | |a Soporte: VHS - Norma: Pal N - Color - Grabación DRD 1993 - Hitachi=0000 | ||
| 110 | 2 | |a TRANSTEL. | |
| 082 | 5 | 7 | |/ TRA |
| 653 | |a BIOLOGIA | ||
| 653 | |a EVOLUCION | ||
| 653 | |a HOMBRE | ||
| 653 | |a ANTROPOLOGIA | ||
| 653 | |a MITOSIS | ||
| 653 | |a GENETICO-CODIGO | ||
| 653 | |a AMINOACIDOS | ||
| 653 | |a ADN-ARN | ||
| 653 | |a PRIMATES | ||
| 653 | |a HOMINIDOS | ||
| 653 | |a HOMO HABILIS | ||
| 653 | |a HOMO ERECTUS | ||
| 653 | |a NIVEL PRIMARIO | ||
| 653 | |a NIVEL SECUNDARIO | ||
| 859 | |a CEMS |b BIB. CEMS - Depto. Recursos Didacticos |h 574 |i TRA |k DRD |p 650.12 |t Ej.1 | ||
